Hidden State Names - Statistics

General Stats
  • This quiz has been taken 35 times
  • The average score is 13 of 20
Answer Stats
Hint Answer % Correct
Oh, hi Owen, I didn't see you there! Ohio
97%
Noah got off the ark and saw dry ground! Arkansas
90%
Tennis is easy if you practice it for a while! Tennessee
90%
I have been busy washing tons of clothes today! Washington
86%
I thought I had won, but alas, Custer had beat me. Alaska
79%
Sometimes when I sneeze frequently, I like to call them mass "achoo!" sets! Massachusetts
76%
I told the man he didn't sound Bostonian any more, and he said "I nevah ad an accent!" Nevada
76%
Can sass really be nonexistent in a middle school girl? Kansas
72%
You need to whisk on since the batter is not mixed yet! Wisconsin
72%
In the dell, a wary traveller found a place to rest. Delaware
69%
One could ill annoy that calm, cool, collected young man. Illinois
69%
We waited eagerly to see if someone new would win, but of course it was Mitch again! Michigan
69%
I owe a hundred dollars to my parents. Iowa
66%
Neither the focus of the organization nor the care align a bit with love for others! North Carolina
62%
You can miss or reschedule your appointment if you can't make it. Missouri
55%
I love it when you talk to me! Utah
55%
If I wanted to sound like a pirate, I'd "ahoy" and "arggh" like one! Idaho
52%
I jumped out of the plane and had no clue what road I landed on! Rhode Island
48%
If you don't want a dumb answer, never ask a stupid question! Nebraska
45%
To get over that chasm, it'll take a major jump! Georgia
0%
No matching quizzes found
Score Distribution
Percent of People with Each Score
Percentile by Number Answered
Your Score History
You have not taken this quiz